Hệ thống thông minh hỗ trợ hỏi đáp thủ tục hành chính : Luận văn Thạc sĩ Công nghệ thông tin. Chuyên ngành Khoa học máy tính
Nghiên cứu trên các lĩnh vực: phân lớp tự động văn bản, truy hồi thông tin, hỏi đáp tự động, chatbot và xử lý ngôn ngữ tự nhiên.
Đã lưu trong:
| Tác giả chính: | |
|---|---|
| Định dạng: | Sách |
| Ngôn ngữ: | Undetermined |
| Được phát hành: |
Cần Thơ
Trường Đại học Cần Thơ
2018
|
| Những chủ đề: | |
| Các nhãn: |
Thêm thẻ
Không có thẻ, Là người đầu tiên thẻ bản ghi này!
|
| Thư viện lưu trữ: | Trung tâm Học liệu Trường Đại học Cần Thơ |
|---|
| LEADER | 01027nam a2200217Ia 4500 | ||
|---|---|---|---|
| 001 | CTU_228753 | ||
| 008 | 210402s9999 xx 000 0 und d | ||
| 082 | |a 004.21 | ||
| 082 | |b Đ305 | ||
| 088 | |a 8480101 | ||
| 100 | |a Nguyễn, Thanh Điền | ||
| 245 | 0 | |a Hệ thống thông minh hỗ trợ hỏi đáp thủ tục hành chính : | |
| 245 | 0 | |b Luận văn Thạc sĩ Công nghệ thông tin. Chuyên ngành Khoa học máy tính | |
| 245 | 0 | |c Nguyễn Thanh Điền ; Đỗ Thanh Nghị (Hướng dẫn khoa học) | |
| 260 | |a Cần Thơ | ||
| 260 | |b Trường Đại học Cần Thơ | ||
| 260 | |c 2018 | ||
| 520 | |a Nghiên cứu trên các lĩnh vực: phân lớp tự động văn bản, truy hồi thông tin, hỏi đáp tự động, chatbot và xử lý ngôn ngữ tự nhiên. | ||
| 650 | |a Information systems,Hệ thống thông tin | ||
| 910 | |b nthai | ||
| 980 | |a Trung tâm Học liệu Trường Đại học Cần Thơ | ||